000 00322nam a2200109Ia 4500
005 20251222154403.0
008 251222s9999||||xx |||||||||||||| ||spa||
082 _a331.485/M61C
245 0 _aLa Mujer en el Mercado de Trabajo de la Región Cajamarca
264 _bMinisterio de Trabajo y Promoción del Empleo
942 _cLIB
999 _c35371
_d35371